000
00212 a2200097 4500
001
45718
100
_a
Lewis B
245
_a
The world of Islam
260
_a
London
_b
Thames and Hudson
_c
090
_c
28878
_d
28878
942
_a
NUST-CAE
_c
M
_c
20977
999
_c
280791
_d
280791